| 000 | 01148cam a2200229 4500 | ||
|---|---|---|---|
| 008 | 020813n2002 000 0 eng u | ||
| 035 | _a(Sirsi) u119322 | ||
| 100 | _aSmith, A | ||
| 245 | _aCoastal managment | ||
| 260 | _c2002 | ||
| 490 |
_aSurveyor _v 27 June 2002, 15-16(2) |
||
| 520 | _aLooks at a number of coastal flood defence schemes in light of the increased possibility of flooding from global warming. Discusses the work done at Abbots Hall Farm where the Environment Agency and Essex Wildlife Trust are undertaking a project of managed retreat or managed realignment on the Essex coast. Two other projects discussed are; sea defences on the Humber where Scarborough Borough Council has used Accropodes to provide a form of armour against the sea and the River Severn at Bewdley where the EA used dismountable defences imported from Germany. | ||
| 590 | _aABS | ||
| 650 | _aFLOODING | ||
| 650 | _aCOASTAL MANAGEMENT | ||
| 650 | _aFLOOD MANAGEMENT | ||
| 650 | _aCOASTAL DEFENCE | ||
| 650 | _aSEA DEFENCES | ||
| 650 | _aFLOOD DEFENCES | ||
| 690 | _aENVIRONMENTAL AND LAND CONSULTANCY-ENVIRONMENTAL MANAGEMENT | ||
| 942 | _n0 | ||
| 999 |
_c70944 _d70944 |
||